000 00987nam a2200229 i 4500
001 160214
003 ES-MaACL
005 20240209210039.0
008 940202s1868 sp |||| | spa d
100 1 _aMoret, Segismundo,
_d1833-1913
_9162747
245 1 0 _aEstudios financieros
_b: conferencias pronunciadas en el Ateneo de Madrid en el curso de 1867 a 68 /
_cpor D. Segismundo Moret y Prendergast.
260 _aMadrid :
_b[s.n.],
_c1868 (
_fTip. de Gregorio Estrada)
300 _a202 p. ;
_c22 cm.
530 _aDisponible en formato digital.
610 2 4 _aAteneo de Madrid-
_vConferencias-
_yS.XIX.
_91910
650 4 _aFinanzas-
_zEspaña.
_912872
700 1 _aEstrada, Gregorio.
_9126979
752 _aEspaña -
_dMadrid
852 _x
_aBA
_jR-2352
_z- Enc. hol. Olim: B-1928
856 _uhttp://bvrajyl.rajyl.es/i18n/consulta/registro.cmd?id=9849
_zBiblioteca Virtual de la Real Academia de Jurisprudencia y Legislación
999 _c160214
_d160214